=LDR 00000nam 2200000 4500 =001 INLIS000000000009813 =005 20130612101605 =008 ***********************************Ind** =035 ##$$a0010-061300000009813 =041 ##$$a Ind =082 ##$$a 641.563 =090 ##$$a 641.563, Kri m =100 ##$$a Krisna tuti, Diah =245 ##$$a Menu Sehat Untuk Ibu Hamil dan Menyusui =260 ##$$a 2002 $b Jakarta =300 ##$$a vi, 74 hlm, ilus, 23 cm =650 ##$$a Kehamilan - Aspek Gizi =850 ##$$a NBPNMAT =990 ##$$a 0001/BPAP-NTB/20142014